Missing Word: 'M' Actor Movies Quiz Stats

 Plays Quiz Updated Mar 10, 2016

Challenge
Share
Tweet
Embed
Score 0/30 Timer 03:00
1 Play Today
Hint Answer % Correct
Demi MooreFew
97.4%
Ewan McGregorHawk
95.7%
Bill MurrayGroundhog
95.2%
Demi MooreJane
93.7%
John MalkovichIron
91.1%
Tobey MaguireLoathing
90.5%
Tobey MaguireCider
89.3%
Bill MurrayTranslation
88.8%
John MalkovichReading
88.8%
Demi MooreIndecent
87.9%
Matthew McConaugheyBuyers
87.1%
John MalkovichDangerous
85.2%
Demi MooreThrottle
82.9%
Matthew McConaugheyKill
82.8%
John MalkovichCon
82.2%
Hint Answer % Correct
John MalkovichLine
75.6%
Matthew McConaugheyLincoln
70.3%
Bill MurrayEd
67.7%
Bill MurrayTenenbaums
61.1%
Matthew McConaugheyMarshall
58%
Bill MurrayJam
57.1%
Tobey MaguireGatsby
52.8%
Ewan McGregorFish
48%
Tobey MaguireBoys
42.8%
Ewan McGregorGhost
35.2%
Ewan McGregorOrdinary
35.2%
Demi MooreSeventh
26.8%
Ewan McGregorShallow
21.9%
Matthew McConaugheyReign
18.8%
Tobey MaguireGerman
10.3%

Today's Daily Dose

You're not logged in!

Compare scores with friends on all Sporcle quizzes.
Join for Free
OR
Log In

You Might Also Like...

Show Comments

Extras

Top Quizzes Today


Score Distribution

Your Account Isn't Verified!

In order to create a playlist on Sporcle, you need to verify the email address you used during registration. Go to your Sporcle Settings to finish the process.

Report this User

Report this user for behavior that violates our Community Guidelines.

Details: